000 00465nam a2200169Ia 4500
008 090201s9999 xx 000 0 und d
010 _aKPL-16211
040 _bमराठी
041 _aमराठी
082 _a39865
_b16211
100 _aल. दा. नवरे
245 _aतहान
_cल. दा. नवरे
260 _c2004
_bहिंदी मराठी
300 _a216
_bमोठा
600 _aतहान
942 _cBOOK
999 _c237150
_d237150